00337nam a2200097Ia 4500008004100000050002200041245008600063260004100149980003200190999001700222151021s9999 xx 000 0 und d aHC 865 .K47 2013  a_ Kakamega County Development Profile/ Kenya Ministry of Devolution and Planning  aNairobi : Government Printers, 2013  a^d20140317 11:34:08^omwanik c14777d14777